[Event "Lilla Elite Hotels Open 2015"]
[Site "Elite Stadshotellet, Vaxjo"]
[Date "2015.02.15"]
[Round "7.18"]
[White "Pfeiffer, Samuel"]
[Black "Lindborg, Lukas"]
[Result "1-0"]
[WhiteElo "1100"]
[BlackElo "1207"]
[EventDate "2015.02.13"]

1.e4 c5 2.c4 Nc6 3.Nf3 d6 4.Nc3 Nf6 5.d3 g6 6.Nd5 Bg7 7.Nxf6+ Bxf6 8.Bg5 
Bg7 9.Bc1 O-O 10.g3 Bg4 11.h3 Bxf3 12.Qxf3 Nd4 13.Qd1 a6 14.Be3 Nc6 15.Qc1
Qb6 16.Rb1 Qd8 17.Bh6 b5 18.Bxg7 Kxg7 19.Qc3+ Kg8 20.cxb5 axb5 21.d4 Qa5 
22.Qxa5 Rxa5 23.dxc5 dxc5 24.a3 b4 25.axb4 cxb4 26.Bc4 Rc8 27.O-O Nd4 28.
Bd3 Nf3+ 29.Kh1 Nd2 30.Rbc1 Rxc1 31.Rxc1 Nb3 32.Rc8+ Kg7 33.Rc7 Kf6 34.Bc4
Nd4 35.f4 e5 36.Rxf7# 1-0

[Event "Lilla Elite Hotels Open 2015"]
[Site "Elite Stadshotellet, Vaxjo"]
[Date "2015.02.15"]
[Round "7.19"]
[White "Kastrati, Anton"]
[Black "Ravik, Zakarias"]
[Result "1-0"]
[WhiteElo "1170"]
[BlackElo "1099"]
[EventDate "2015.02.13"]

1.e4 c5 2.d3 g6 3.Nf3 Bg7 4.e5 e6 5.Bg5 f6 6.exf6 Nxf6 7.Be2 O-O 8.O-O d5 
9.Nc3 Nc6 10.h4 h6 11.Bxf6 Bxf6 12.Re1 Bxh4 13.Nxh4 Qxh4 14.Rf1 e5 15.Nb5 
Qg5 16.g4 h5 17.f3 h4 18.Kf2 Qf4 19.Ke1 h3 20.Rh1 Qg3+ 21.Kd2 h2 22.Qe1 
Qf4+ 23.Kd1 Bxg4 24.fxg4 Qf2 25.Qxf2 Rxf2 26.Kd2 Raf8 27.Nc3 d4 28.Ne4 Rg2
29.Nxc5 Rff2 30.Rae1 Rxe2+ 31.Rxe2 Rxg4 32.Rhxh2 Nb4 33.Nxb7 Nxa2 34.Rxe5 
Kf7 35.Rf2+ Kg7 36.Re7+ Kh6 37.Rh2+ Kg5 38.Rf2 Nb4 39.Nd6 Nd5 40.Nf7+ Kh5 
41.Re5+ g5 42.Rxd5 Rh4 43.Rxg5# 1-0

[Event "Lilla Elite Hotels Open 2015"]
[Site "Elite Stadshotellet, Vaxjo"]
[Date "2015.02.15"]
[Round "7.20"]
[White "Koniarski, Kaj"]
[Black "Sandberg, Simon"]
[Result "1-0"]
[WhiteElo "1066"]
[BlackElo "1150"]
[EventDate "2015.02.13"]

1.e4 e5 2.Nf3 Nc6 3.Bb5 Bc5 4.Nc3 d6 5.d3 a6 6.Bc4 b5 7.Bd5 Nce7 8.O-O 
Nxd5 9.Nxd5 Be6 10.c3 Bxd5 11.exd5 Ne7 12.c4 c6 13.dxc6 Nxc6 14.cxb5 axb5 
15.Qc2 Nb4 16.Qc3 Rxa2 17.Rxa2 Nxa2 18.Qb3 Qa5 19.Bd2 Nb4 20.Rc1 f6 21.d4 
exd4 22.Bxb4 Bxb4 23.Qe6+ 1-0

[Event "Lilla Elite Hotels Open 2015"]
[Site "Elite Stadshotellet, Vaxjo"]
[Date "2015.02.15"]
[Round "7.21"]
[White "Ravik, Cecilia"]
[Black "Kullberg, Jesper"]
[Result "0-1"]
[WhiteElo "1058"]
[BlackElo "1127"]
[EventDate "2015.02.13"]

1.e4 e5 2.Nf3 Nc6 3.Nc3 Bb4 4.a3 Bxc3 5.bxc3 a6 6.d3 Nf6 7.Bg5 h6 8.Bxf6 
Qxf6 9.Be2 O-O 10.O-O d6 11.h3 Qg6 12.g3 Bxh3 13.Re1 Rfe8 14.d4 exd4 15.
cxd4 Rxe4 16.Bd3 Rxe1+ 17.Qxe1 Qg4 18.Qe2 Nxd4 19.Nxd4 Qxd4 20.Re1 Qd5 21.
f3 Qc5+ 22.Kh2 Bf5 23.Bxf5 Qxf5 24.g4 Qe5+ 25.Qxe5 dxe5 26.Rxe5 f6 27.Re7 
Rc8 28.Kg3 Kf8 29.Re4 Re8 30.Rc4 c6 31.Kf4 Kf7 32.Rd4 Kg6 33.c4 Re1 34.a4 
Ra1 35.c5 Rc1 36.Rb4 Rxc5 37.Rxb7 Rc4+ 38.Kg3 Rxa4 39.Rb6 c5 40.Rb1 c4 41.
Rc1 a5 42.f4 Rb4 43.f5+ Kg5 44.Kf3 a4 45.Ke3 a3 46.Ra1 Rb3+ 47.Kd2 c3+ 48.
Kc2 Rb2+ 49.Kxc3 Rg2 50.Rxa3 Rg3+ 51.Kb4 Rxa3 52.Kxa3 Kxg4 53.Kb3 Kxf5 54.
Kc3 h5 55.Kd3 Kg4 56.Ke3 Kg3 0-1

[Event "Lilla Elite Hotels Open 2015"]
[Site "Elite Stadshotellet, Vaxjo"]
[Date "2015.02.15"]
[Round "7.22"]
[White "Torngren, Madelene"]
[Black "Runfors, Leon"]
[Result "1-0"]
[WhiteElo "1057"]
[BlackElo "1073"]
[EventDate "2015.02.13"]

1.e4 e5 2.Nf3 Nc6 3.Bc4 Nf6 4.Ng5 Qe7 5.Nxf7 Rg8 6.Ng5 d6 7.Bxg8 Nxg8 8.
Qh5+ g6 9.Qh4 Be6 10.c3 O-O-O 11.d4 exd4 12.cxd4 Nxd4 13.Na3 Nh6 14.O-O 
Ng4 15.Qxh7 Qxg5 16.Bxg5 Re8 17.Rac1 Nc6 18.Nb5 Ne7 19.Nxc7 Kd8 20.Nxe8 
Kxe8 21.Rc7 Kd8 22.Rfc1 Nf6 23.Bxf6 Bg8 24.Qh4 d5 25.Bxe7+ Ke8 26.Rc8+ Kd7
27.R8c7+ Ke6 28.Qf6# 1-0

[Event "Lilla Elite Hotels Open 2015"]
[Site "Elite Stadshotellet, Vaxjo"]
[Date "2015.02.15"]
[Round "7.23"]
[White "Lundberg, Oscar"]
[Black "Rasheed, Salahuddin"]
[Result "1-0"]
[WhiteElo "1042"]
[BlackElo "1100"]
[EventDate "2015.02.13"]

1.e4 e5 2.Nf3 Nc6 3.Bb5 Nf6 4.Nc3 Bc5 5.d3 O-O 6.Bg5 d6 7.h3 h6 8.Bh4 Re8 
9.O-O d5 10.exd5 g5 11.dxc6 gxh4 12.cxb7 Bxb7 13.Bxe8 Qxe8 14.Re1 Rd8 15.
Rxe5 Qf8 16.Nxh4 Qg7 17.Rf5 Bc8 18.Rxc5 Bxh3 19.Rxc7 Rd4 20.Rc4 Rxh4 21.
Qf3 Bg4 22.Qg3 Rh5 23.f3 Be6 24.Qxg7+ Kxg7 25.Rd4 Rg5 26.Ne4 Nxe4 27.dxe4 
h5 28.Kf2 Kh6 29.Rh1 Rc5 30.c3 Kg5 31.g4 h4 32.Kg2 Bxa2 33.Ra4 Bc4 34.Rxa7
Rb5 35.b4 Rb6 36.Ra5+ f5 37.Rxf5+ Kg6 38.Rxh4 Kg7 39.g5 Be6 40.Rf6 Rd6 41.
Kg3 Kg8 42.g6 Kg7 43.e5 Ra6 44.Rh7+ Kg8 45.f4 Bg4 46.Rxa6 Bc8 47.Ra8 Kf8 
48.Rxc8# 1-0

[Event "Lilla Elite Hotels Open 2015"]
[Site "Elite Stadshotellet, Vaxjo"]
[Date "2015.02.15"]
[Round "8.1"]
[White "Dale, Svein"]
[Black "Bjorkman, Filip"]
[Result "1/2-1/2"]
[WhiteElo "1709"]
[BlackElo "1225"]

1.e4 Nf6 2.Nc3 d6 3.d4 g6 4.h3 Bg7 5.Be3 Nc6 6.Be2 e5 7.d5 Ne7 8.g4 Nd7 9.
f4 exf4 10.Bxf4 Ne5 11.Nf3 c6 12.Bxe5 dxe5 13.d6 Ng8 14.O-O Bf8 15.Nxe5 f6
16.d7+ Bxd7 17.Nxd7 Qxd7 18.Qxd7+ Kxd7 19.Bc4 Bc5+ 20.Kg2 Rf8 21.e5 fxe5 
22.Rad1+ Kc7 23.Ne4 Be7 24.g5 h6 25.Rxf8 Bxf8 26.Rf1 Ne7 27.Be6 1/2-1/2

[Event "Lilla Elite Hotels Open 2015"]
[Site "Elite Stadshotellet, Vaxjo"]
[Date "2015.02.15"]
[Round "8.2"]
[White "Polovnikova, Margo"]
[Black "Sniegon, Adam"]
[Result "1-0"]
[WhiteElo "1504"]
[BlackElo "1527"]

1.e4 e5 2.Nf3 Nc6 3.d4 exd4 4.Bc4 Be7 5.Nxd4 d6 6.O-O Nf6 7.Nc3 O-O 8.Nxc6
bxc6 9.f4 Nxe4 10.Nxe4 d5 11.Ng5 dxc4 12.Qh5 Bf5 13.Be3 Bxg5 14.fxg5 Bxc2 
15.Bc5 Bg6 16.Qf3 Re8 17.h4 Qd5 18.Bb4 Re6 19.Rad1 Qxf3 20.gxf3 Bd3 21.Rf2
Rae8 22.b3 h6 23.a3 Re2 24.bxc4 Bxc4 25.Rd7 Rxf2 26.Kxf2 Re2+ 27.Kg3 hxg5 
28.hxg5 Re6 29.Rxc7 a6 30.f4 f5 31.Kh4 Re4 32.g6 Re8 33.Bc3 Bb5 34.Rxg7+ 
Kf8 35.Rf7+ Kg8 36.Kg5 Bc4 37.Rh7 Kf8 38.g7+ Kg8 39.Rh8+ Kf7 40.Bb4 Rg8 
41.Bf8 Be6 42.Kh6 c5 43.Bxc5 Kf6 44.Bf8 Bf7 45.Bb4 Ke6 46.Kh7 Kf6 47.Rxg8 
Bg6+ 48.Kh8 Bf7 49.Rf8 Kg6 50.Rxf7 1-0

[Event "Lilla Elite Hotels Open 2015"]
[Site "Elite Stadshotellet, Vaxjo"]
[Date "2015.02.15"]
[Round "8.3"]
[White "Mossblad, Edvin"]
[Black "Johansson, Krister"]
[Result "0-1"]
[WhiteElo "1334"]
[BlackElo "1575"]

1.c4 Nf6 2.d4 e5 3.dxe5 Ng4 4.Nf3 Nc6 5.Bg5 Bb4+ 6.Nc3 Bxc3+ 7.bxc3 f6 8.
exf6 Nxf6 9.Qb3 O-O 10.e3 Qe8 11.Bd3 b6 12.c5+ Kh8 13.cxb6 axb6 14.O-O Ba6
15.Bxf6 Rxf6 16.c4 Ne5 17.Nxe5 Qxe5 18.Rab1 Bb7 19.Rfe1 Qg5 20.e4 Raf8 21.
Rb2 Rh6 22.Re3 d6 23.Qc3 Qe5 24.Qxe5 dxe5 25.a4 Ra8 26.Ra2 Bc6 27.Bc2 Rd6 
28.f3 Rd4 29.Bb3 Bd7 30.Kf2 c5 31.Kg3 Be6 32.Rb2 g5 33.Rc3 h5 34.Rb1 h4+ 
35.Kf2 Rd2+ 36.Kg1 Rad8 37.Ra1 h3 38.g3 Rg2+ 39.Kh1 Rdd2 40.Rc2 Rxh2+ 41.
Kg1 Rxc2 42.Bxc2 Rxc2 43.a5 bxa5 44.Rxa5 Rxc4 45.g4 Rc2 46.Ra6 Bf7 47.Rh6+
Kg7 48.Rxh3 c4 49.Kf1 c3 50.Ke1 Ra2 51.f4 Ra1+ 52.Ke2 c2 53.Kd2 c1=Q+ 0-1

[Event "Lilla Elite Hotels Open 2015"]
[Site "Elite Stadshotellet, Vaxjo"]
[Date "2015.02.15"]
[Round "8.4"]
[White "Akke, Mattias"]
[Black "Forsberg, Andre"]
[Result "0-1"]
[WhiteElo "1399"]
[BlackElo "1510"]

1.d4 g6 2.c4 Bg7 3.Nf3 c5 4.d5 Qa5+ 5.Bd2 Qb6 6.Bc3 Bxc3+ 7.Nxc3 Qxb2 8.
Qc1 Qxc1+ 9.Rxc1 Nf6 10.Nb5 Na6 11.Nd2 d6 12.e4 Bd7 13.f4 O-O 14.Be2 Rfc8 
15.e5 dxe5 16.fxe5 Ng4 17.Bxg4 Bxg4 18.d6 Nb4 19.Rc3 a6 20.a3 axb5 21.O-O 
Nc6 22.Re1 Nd4 23.Kf1 exd6 24.exd6 Rd8 25.Ne4 Bf5 26.Nxc5 b6 27.Ne4 Bxe4 
28.Rxe4 Rxd6 29.Ree3 bxc4 30.Rxc4 Nf5 0-1

[Event "Lilla Elite Hotels Open 2015"]
[Site "Elite Stadshotellet, Vaxjo"]
[Date "2015.02.15"]
[Round "8.5"]
[White "Lotinac, Seid"]
[Black "Pietarinen, Alexander"]
[Result "1/2-1/2"]
[WhiteElo "1471"]
[BlackElo "1390"]

1.e4 c5 2.Bc4 e6 3.Nc3 Nc6 4.Nf3 Qc7 5.a3 a6 6.d3 d6 7.O-O Be7 8.Be3 Nf6 
9.h3 O-O 10.Qd2 Rd8 11.Bf4 Qa5 12.Rfe1 Nd4 13.Nxd4 cxd4 14.Ne2 Qxd2 15.
Bxd2 e5 16.c3 dxc3 17.Nxc3 Bd7 18.Nd5 Nxd5 19.Bxd5 Bc6 20.Bb3 Rac8 21.Bc3 
Kf8 22.Re3 b6 23.Rae1 h6 24.Rg3 Bh4 25.Rf3 Rc7 26.d4 Bf6 27.d5 Bd7 28.Bb4 
Be7 29.a4 a5 30.Bc3 Bg5 31.Kh2 Rdc8 32.g3 Kg8 33.h4 Be7 34.Rd3 f5 35.exf5 
Bxf5 36.Rde3 Re8 37.f3 Bg6 38.Kh3 Kf8 39.Rf1 Kg8 40.f4 exf4 41.Rxf4 Rf8 
42.Rc4 Rxc4 43.Bxc4 Bf6 44.Bb5 Bxc3 45.Rxc3 Bf5+ 46.Kh2 Be4 47.Rc6 Rf2+ 
48.Kh3 Bg2+ 49.Kg4 Bf3+ 50.Kh3 Bg2+ 51.Kg4 Bf3+ 52.Kh3 1/2-1/2

[Event "Lilla Elite Hotels Open 2015"]
[Site "Elite Stadshotellet, Vaxjo"]
[Date "2015.02.15"]
[Round "8.9"]
[White "Sixt, Joar"]
[Black "Karlsson, Roger 1951"]
[Result "1-0"]
[WhiteElo "1356"]
[BlackElo "1336"]
[EventDate "2015.02.13"]

1.d4 d5 2.c4 Nf6 3.Nc3 e6 4.Bg5 Bb4 5.Qd3 dxc4 6.Qxc4 Bxc3+ 7.Qxc3 O-O 8.
e3 c6 9.Bd3 Qd5 10.Nf3 Ne4 11.Bxe4 Qxe4 12.O-O h6 13.Bf4 Nd7 14.Rad1 Nf6 
15.Be5 Nd5 16.Qd2 Bd7 17.Qe2 f6 18.Bg3 Qg4 19.h3 Qh5 20.e4 Ne7 21.e5 Nf5 
22.exf6 Rxf6 23.Be5 Rg6 24.Qe4 Qxh3 25.g3 Rg4 26.Qd3 Rf8 27.Rfe1 Kf7 28.
Re4 h5 29.Bf4 Kf6 30.Qc3 Kg6 31.Ne5+ Kh7 32.Nxg4 Qxg4 33.Rd2 h4 34.Qd3 Rh8
35.Be5 Qg5 36.Rxh4+ Kg8 37.Rxh8+ Kxh8 38.Bf4 Qh5 39.f3 Kg8 40.g4 Qf7 41.
gxf5 exf5 42.Re2 Qxa2 43.Re7 Qd5 44.Qe3 a5 45.Qe5 Qxe5 46.Bxe5 1-0

[Event "Lilla Elite Hotels Open 2015"]
[Site "Elite Stadshotellet, Vaxjo"]
[Date "2015.02.15"]
[Round "8.10"]
[White "Laine, Jacob"]
[Black "Bech Johansson, Amadeus"]
[Result "1-0"]
[WhiteElo "1030"]
[BlackElo "1025"]
[EventDate "2015.02.13"]

1.e4 e5 2.Nf3 Nc6 3.c3 Nf6 4.d4 exd4 5.e5 Nxe5 6.Nxe5 Qe7 7.Qe2 d3 8.Nxd3 
Qxe2+ 9.Bxe2 Bd6 10.O-O O-O 11.Bf3 c6 12.Bg5 Bc7 13.Bxf6 gxf6 14.Re1 d5 
15.Nd2 Be6 16.Nb3 Rfe8 17.Re2 f5 18.Nbc5 b6 19.Nxe6 fxe6 20.Rae1 Kf8 21.
Rxe6 Rxe6 22.Rxe6 c5 23.Bxd5 Rd8 24.Rf6+ Ke7 25.Rxf5 Bb8 26.c4 a6 27.g4 b5
28.b3 Rd6 29.Rf7+ Ke8 30.Rxh7 Kd8 31.g5 Rg6 32.h4 bxc4 33.bxc4 a5 34.f4 a4
35.Ne5 Bxe5 36.fxe5 a3 37.Kg2 Rb6 38.Kf3 Rb2 39.g6 Rxa2 40.g7 Kc7 41.g8=Q+
Kb6 42.Qb8+ Ka5 43.Ra7# 1-0

[Event "Lilla Elite Hotels Open 2015"]
[Site "Elite Stadshotellet, Vaxjo"]
[Date "2015.02.15"]
[Round "8.11"]
[White "Sandgren, Per-Olov"]
[Black "Flykt, Gabriel"]
[Result "1-0"]
[WhiteElo "1555"]
[BlackElo "1375"]
[EventDate "2015.02.13"]

1.e4 e5 2.Nc3 Bc5 3.Nf3 d6 4.Bc4 Nc6 5.h3 Qf6 6.Nd5 Qd8 7.d3 Nge7 8.Bg5 f6
9.Bxf6 gxf6 10.Nxf6+ Kf8 11.Ng5 Ng6 12.Ngxh7+ Rxh7 13.Nxh7+ Kg7 14.Qh5 Qh8
15.Nf6 Kxf6 16.Qf3+ Kg7 17.Qf7+ Kh6 18.g4 Qf8 19.g5+ Kxg5 20.Rg1+ Kh5 21.
Qxg6+ Kh4 22.Qh7+ Qh6 23.Qxh6# 1-0

[Event "Lilla Elite Hotels Open 2015"]
[Site "Elite Stadshotellet, Vaxjo"]
[Date "2015.02.15"]
[Round "8.12"]
[White "Krohn, Johan"]
[Black "Morell, Ludvig"]
[Result "1/2-1/2"]
[WhiteElo "1118"]
[BlackElo "1178"]
[EventDate "2015.02.13"]

1.c4 e5 2.Nc3 Nc6 3.g3 Bc5 4.Nf3 Nf6 5.Bg2 O-O 6.O-O d6 7.a3 Be6 8.d3 h6 
9.e4 Qd7 10.Nd5 Bxd5 11.exd5 Ne7 12.Nd2 Rad8 13.Ne4 Nxe4 14.dxe4 Rfe8 15.
Bd2 Bd4 16.Rb1 Ng6 17.Bc3 Bxc3 18.bxc3 b6 19.Qf3 Qa4 20.Bh3 Qxa3 21.Ra1 
1/2-1/2

[Event "Lilla Elite Hotels Open 2015"]
[Site "Elite Stadshotellet, Vaxjo"]
[Date "2015.02.15"]
[Round "8.13"]
[White "Johansson, Robert"]
[Black "Morell, Adam"]
[Result "0-1"]
[WhiteElo "1457"]
[BlackElo "1300"]
[EventDate "2015.02.13"]

1.e4 c5 2.c3 d6 3.d4 cxd4 4.cxd4 Nc6 5.h3 Nf6 6.Nc3 g6 7.Nf3 e5 8.dxe5 
dxe5 9.Be3 Qxd1+ 10.Rxd1 Be6 11.a3 Bg7 12.Be2 O-O 13.O-O a6 14.b4 b5 15.
Rb1 Rab8 16.Ne1 Nd4 17.Bd1 Rfd8 18.f3 Rbc8 19.Ne2 Nh5 20.Nd3 Bc4 21.Bxd4 
Bxd3 22.Bc5 Bxb1 23.Nc3 Bd3 24.Rf2 Bc4 25.Be2 Bxe2 26.Rxe2 Rd3 27.Nd5 Bf8 
0-1

[Event "Lilla Elite Hotels Open 2015"]
[Site "Elite Stadshotellet, Vaxjo"]
[Date "2015.02.15"]
[Round "8.14"]
[White "Sahak, Sanjar"]
[Black "Pfeiffer, Samuel"]
[Result "1-0"]
[WhiteElo "1710"]
[BlackElo "1100"]
[EventDate "2015.02.13"]

1.e4 e5 2.Nf3 Nc6 3.d4 exd4 4.Nxd4 Nxd4 5.Qxd4 c5 6.Qd5 Nf6 7.Qc4 d5 8.
exd5 Nxd5 9.Be2 Nb4 10.O-O Bf5 11.Rd1 Qc8 12.Na3 a6 13.Bg5 f6 14.Be3 b5 
15.Qc3 h6 16.Bf3 Ra7 17.Re1 Be6 18.Bh5+ Bf7 19.Bxc5+ Be7 20.Bxf7+ Kxf7 21.
Qb3+ Ke8 22.Bxa7 Qc7 23.Qxb4 Qxa7 24.Re2 Kf8 25.Qe4 Kf7 26.Qe6+ Ke8 27.
Rae1 g6 28.Qxf6 Rh7 29.Qxg6+ Rf7 30.Re3 b4 31.Nc4 a5 32.Nd6+ Kf8 33.Qxf7# 
1-0

[Event "Lilla Elite Hotels Open 2015"]
[Site "Elite Stadshotellet, Vaxjo"]
[Date "2015.02.15"]
[Round "8.15"]
[White "Kullberg, Jesper"]
[Black "Sorensen, Alva"]
[Result "0-1"]
[WhiteElo "1127"]
[BlackElo "1348"]
[EventDate "2015.02.13"]

1.e4 c5 2.Nf3 d6 3.d4 cxd4 4.Nxd4 Nf6 5.Nc3 g6 6.Be3 Bg7 7.Qd2 Nc6 8.Nxc6 
bxc6 9.Bh6 Nxe4 10.Nxe4 Bxb2 11.Rb1 Rb8 12.Bd3 f5 13.Ng5 Bc3 14.Qxc3 Rxb1+
15.Ke2 Rxh1 16.Qxh8+ Kd7 17.Qxd8+ Kxd8 18.h3 Ra1 19.Bc4 d5 20.Bb3 Rb1 21.
Nxh7 Ba6+ 22.Kf3 Bc4 23.Bg7 Kd7 24.h4 Rd1 25.Nf8+ Kd6 26.Nxg6 Bxb3 27.cxb3
Ke6 28.Nf4+ Kf7 29.Be5 d4 30.Ke2 Rh1 31.g3 Ra1 32.Bxd4 Rxa2+ 33.Kf1 Ra3 
34.b4 Ra4 35.Nd3 a5 36.bxa5 Rxd4 37.Ne5+ Kf6 38.Nxc6 Rc4 39.Nb8 Rc8 40.
Nd7+ Kf7 41.a6 Rc7 42.Nc5 Rxc5 43.a7 Ra5 44.Kg2 Rxa7 45.Kf3 Ra2 46.h5 e6 
47.Kg2 Kg7 48.Kh3 Kh6 49.g4 fxg4+ 50.Kxg4 Rxf2 51.Kg3 Rf8 0-1

[Event "Lilla Elite Hotels Open 2015"]
[Site "Elite Stadshotellet, Vaxjo"]
[Date "2015.02.15"]
[Round "8.16"]
[White "Torngren, Madelene"]
[Black "Lindberg, Styrbjorn"]
[Result "0-1"]
[WhiteElo "1057"]
[BlackElo "1305"]
[EventDate "2015.02.13"]

1.e4 e5 2.Nf3 Nc6 3.Bc4 Nf6 4.Ng5 d5 5.exd5 Nxd5 6.d3 Bc5 7.Qf3 Be6 8.Nxe6
fxe6 9.Bd2 Qf6 10.Qh5+ g6 11.Qf3 Qxf3 12.gxf3 Nd4 13.Bb3 O-O-O 14.Bg5 
Nxf3+ 15.Kd1 Nxg5 16.Rg1 Nf3 17.Rg3 Nxh2 18.Bxd5 exd5 19.Nd2 e4 20.c4 c6 
21.cxd5 cxd5 22.Nb3 Bd6 23.Re3 Rhe8 24.Rc1+ Kb8 25.dxe4 Bf4 26.exd5 Bxe3 
27.fxe3 Rxe3 28.Rc5 Ng4 29.Nd4 h5 30.Nc2 Re5 31.Nb4 h4 32.Rc4 Ne3+ 33.Kd2 
Nxc4+ 34.Kc3 Ne3 35.Kd4 Rexd5+ 36.Nxd5 Nxd5 37.Kd3 h3 38.Kc4 Ne3+ 39.Kc3 
h2 40.b4 h1=Q 41.Kb3 Rd3+ 42.Ka4 Qc6+ 43.b5 Qc4+ 44.Ka5 Ra3# 0-1

[Event "Lilla Elite Hotels Open 2015"]
[Site "Elite Stadshotellet, Vaxjo"]
[Date "2015.02.15"]
[Round "8.17"]
[White "Koniarski, Kaj"]
[Black "Fahradin, Bear"]
[Result "1-0"]
[WhiteElo "1066"]
[BlackElo "1221"]
[EventDate "2015.02.13"]

1.e4 e5 2.Nf3 Nc6 3.Bb5 d6 4.Nc3 Nf6 5.O-O Bg4 6.h3 Bh5 7.d3 Be7 8.Nd5 O-O
9.Bxc6 bxc6 10.Nb4 Qd7 11.c3 d5 12.Nxe5 Bxd1 13.Nxd7 Nxd7 14.Nxc6 Bf6 15.
Rxd1 Rfe8 16.Bf4 Re6 17.exd5 Re2 18.Rd2 Rae8 19.Rxe2 Rxe2 20.Rb1 Nc5 21.d4
Nd3 22.Bg3 Bg5 23.Nxa7 h5 24.h4 Bh6 25.Nc6 g5 26.Nb4 Rd2 27.Nxd3 Rxd3 28.
hxg5 Bxg5 29.Bxc7 f5 30.a4 h4 31.Kh2 f4 32.a5 f3 33.Rg1 Rd2 34.gxf3 Rxf2+ 
35.Rg2 Rxf3 36.Rxg5+ Kf7 37.a6 Kf6 38.Rh5 Kg6 39.Rxh4 Kg5 40.Rh3 Rf2+ 41.
Kg1 Rxb2 42.Rg3+ Kh4 43.Bf4 Ra2 44.d6 Rxa6 45.d7 Ra8 46.Rg7 Kh3 47.Bc7 
Ra1+ 48.Kf2 Ra6 49.Rg3+ Kh2 50.Rg6+ Kh1 51.Rg1# 1-0

[Event "Lilla Elite Hotels Open 2015"]
[Site "Elite Stadshotellet, Vaxjo"]
[Date "2015.02.15"]
[Round "8.18"]
[White "Jernberg, Christopher"]
[Black "Kastrati, Anton"]
[Result "1-0"]
[WhiteElo "1196"]
[BlackElo "1170"]
[EventDate "2015.02.13"]

1.e4 e5 2.Nf3 Nc6 3.d4 Bd6 4.d5 Na5 5.a3 c5 6.Bd2 Nf6 7.Bd3 Qb6 8.Ra2 Ng4 
9.O-O O-O 10.h3 Nf6 11.Bg5 Nh5 12.Nh4 Nf4 13.Nf5 Nxd3 14.cxd3 f6 15.Be3 
Bc7 16.b4 d6 17.Ne7+ Kh8 18.Nxc8 Raxc8 19.bxa5 Qxa5 20.Bd2 Qb5 21.Qe2 Rg8 
22.Nc3 Qd7 23.Nd1 Bb6 24.Ne3 Rcf8 25.Nf5 h6 26.Nh4 Qf7 27.Qg4 g5 28.Nf5 
Qh7 29.Nxd6 h5 30.Qf5 Qg7 31.h4 Bc7 32.Nb5 Bd8 33.Bc3 b6 34.hxg5 fxg5 35.
Qxe5 Bf6 36.Qh2 h4 37.Bxf6 Rxf6 38.e5 Rh6 39.Nd6 Qg6 40.e6 Rg7 41.Nf7+ 
Rxf7 42.exf7 Qxf7 43.Qe5+ Kh7 44.Kh2 g4 45.Qe4+ Rg6 46.Re2 g3+ 47.Kg1 
gxf2+ 48.Rexf2 Qg7 49.Rf7 h3 50.Rxg7+ Kxg7 51.Qe7+ Kh6 52.Qh4+ Kg7 53.Qxh3
a5 54.Rf3 c4 55.dxc4 a4 56.Rg3 Rxg3 57.Qxg3+ Kf7 58.Qd6 b5 59.cxb5 Kg7 60.
Qe6 Kh7 61.Qf6 Kg8 62.Qe7 Kh8 63.d6 Kg8 64.d7 Kh8 65.d8=Q# 1-0

[Event "Lilla Elite Hotels Open 2015"]
[Site "Elite Stadshotellet, Vaxjo"]
[Date "2015.02.15"]
[Round "8.19"]
[White "Lundberg, Oscar"]
[Black "Fredriksson, Erling"]
[Result "0-1"]
[WhiteElo "1042"]
[BlackElo "1142"]
[EventDate "2015.02.13"]

1.e4 e5 2.Nf3 Nc6 3.Bb5 a6 4.Ba4 Nf6 5.d3 Bc5 6.O-O Qe7 7.Bg5 Qe6 8.Nc3 d5
9.Bb3 Ne7 10.Bxf6 gxf6 11.exd5 Qd6 12.d4 exd4 13.Nxd4 Rg8 14.Nde2 Bh3 15.
Ng3 Bg4 16.Qd2 O-O-O 17.Nce4 Qb6 18.Nxc5 Qxc5 19.d6 Rxd6 20.Ne4 Rxd2 21.
Nxc5 Bh3 22.Rfd1 Rxg2+ 23.Kf1 Rgxf2+ 24.Kg1 Nf5 25.Re1 Kb8 26.Ne4 Rg2+ 27.
Kh1 Rxh2+ 28.Kg1 Rdg2+ 29.Kf1 Rh1# 0-1

[Event "Lilla Elite Hotels Open 2015"]
[Site "Elite Stadshotellet, Vaxjo"]
[Date "2015.02.15"]
[Round "8.20"]
[White "Lindborg, Lukas"]
[Black "Torngren, Alexander"]
[Result "0-1"]
[WhiteElo "1207"]
[BlackElo "1093"]
[EventDate "2015.02.13"]

1.c4 e5 2.Nc3 Nc6 3.Nf3 Bc5 4.g3 h6 5.Bg2 Nf6 6.O-O e4 7.Ne1 Ng4 8.Nxe4 
Bb6 9.Nf3 Qe7 10.d3 f5 11.Nc3 O-O 12.Nd5 Qc5 13.Be3 Nxe3 14.Nxe3 f4 15.Nc2
fxg3 16.hxg3 Qh5 17.e3 d6 18.Nfd4 Qxd1 19.Rfxd1 Nxd4 20.Nxd4 Bg4 21.Re1 
Rab8 22.a3 Rfe8 23.b4 Re7 24.Bd5+ Kh8 25.Bf3 Bxd4 26.exd4 Rxe1+ 27.Rxe1 
Bxf3 28.Re7 c6 29.b5 cxb5 30.cxb5 a6 31.Rf7 Bd5 32.Rd7 Re8 33.bxa6 Re1+ 
0-1

[Event "Lilla Elite Hotels Open 2015"]
[Site "Elite Stadshotellet, Vaxjo"]
[Date "2015.02.15"]
[Round "8.21"]
[White "Ravik, Zakarias"]
[Black "Sandberg, Simon"]
[Result "0-1"]
[WhiteElo "1099"]
[BlackElo "1150"]
[EventDate "2015.02.13"]

1.d4 d5 2.c4 e6 3.e3 Nf6 4.Nc3 Nc6 5.Bd3 Bd6 6.Bd2 dxc4 7.Bxc4 Na5 8.b3 a6
9.Nf3 b5 10.Bd3 Bb7 11.O-O Ng4 12.g3 Qf6 13.Ne4 Qh6 14.Bxa5 e5 15.Bc3 f5 
16.Nxd6+ cxd6 17.Bxf5 Bxf3 18.Bxg4 Bxd1 19.Rfxd1 exd4 20.Rxd4 O-O 21.Bf3 
Rxf3 22.Rg4 Ra7 23.Bd4 Raf7 24.Rc1 0-1

[Event "Lilla Elite Hotels Open 2015"]
[Site "Elite Stadshotellet, Vaxjo"]
[Date "2015.02.15"]
[Round "8.22"]
[White "Andersson, Fabian"]
[Black "Ravik, Cecilia"]
[Result "0-1"]
[WhiteElo "1100"]
[BlackElo "1058"]
[EventDate "2015.02.13"]

1.d4 d5 2.Nc3 Nf6 3.Nf3 Nc6 4.Bf4 e6 5.e3 Bb4 6.a3 Bxc3+ 7.bxc3 O-O 8.Ne5 
Nxe5 9.Bxe5 Ne4 10.Qd3 Bd7 11.Be2 Qe7 12.Bf3 Ng5 13.Bg4 a6 14.Bxc7 Bb5 15.
Qd2 Qxc7 16.e4 Nxe4 17.Qe3 Qxc3+ 18.Qxc3 Nxc3 19.f4 Rae8 20.Kd2 Ne4+ 21.
Kc1 Nf2 22.Re1 Nxg4 23.f5 exf5 24.Rxe8 Rxe8 25.h3 Re1+ 26.Kb2 Rxa1 27.Kxa1
Ne3 28.c3 Nxg2 0-1

[Event "Lilla Elite Hotels Open 2015"]
[Site "Elite Stadshotellet, Vaxjo"]
[Date "2015.02.15"]
[Round "8.24"]
[White "Vu, Alexander"]
[Black "Rasheed, Salahuddin"]
[Result "0-1"]
[WhiteElo "970"]
[BlackElo "1100"]
[EventDate "2015.02.13"]

1.e4 g6 2.Bc4 Nf6 3.Qf3 Bg7 4.a3 O-O 5.d3 d6 6.h3 Nc6 7.Bf4 Re8 8.Qe3 e5 
9.Bh6 Nd4 10.Qd2 Bxh6 11.Qc3 Be6 12.Bxe6 Nxe6 13.Qb4 Nd4 14.Qc3 Nh5 15.Nf3
Nxf3+ 16.gxf3 Qf6 17.Nd2 Bxd2+ 18.Qxd2 Nf4 19.O-O-O Qe6 20.h4 Qa2 21.c3 c5
22.Qc2 Ng2 23.Qe2 Nf4 24.Qd2 b5 25.Qc2 c4 26.dxc4 bxc4 27.Rxd6 Rab8 28.Qb1
Nd3+ 29.Kc2 Qb3+ 30.Kd2 Qxb2+ 31.Qxb2 Rxb2+ 32.Ke3 Re6 33.Rxe6 fxe6 34.Rd1
Rb3 35.a4 Rxc3 36.Rb1 Ra3 37.Rb8+ Kg7 38.Rb7+ Kh6 39.Rxa7 Nb2+ 40.Kd2 Rd3+
41.Ke2 0-1